000 00876nmc a2200301 a 4500
003 AR-BaBNM
005 20251128202723.0
008 145020s2004 ||||||||||||||000 | spa||
020 _a84-95294-54-0
040 _cAR-BaBNM
100 1 _aMöller Recondo, Claudia
245 1 0 _aComuneros y universitarios
_bhacia la construcción del monopolio del saber
250 _a1ª ed.
260 _aBuenos Aires
_bMiño y Dávila
_c2004
300 0 _a277 p.
490 0 _aIdeas en debate. Historia antigua y moderna
504 _aSelección bibliográfica en p. 263-277
610 2 4 _aUniversidad de Salamanca
650 4 _aUNIVERSIDADES
650 4 _aEDAD MEDIA
651 4 _aEspaña
653 _aHISTORIA ESPAÑOLA
653 _aHISTORIA DE LA UNIVERSIDAD
653 _aEDUCACION Y PODER
800 1 _aBurucúa, José Emilio
942 _cBK
998 _cme-solo cat
999 _c246
_d246